Recueil des conventions de La Haye
Guardat en:
| Autor corporatiu: | |
|---|---|
| Format: | Llibre |
| Idioma: | francès |
| Publicat: |
La Haya
Le Bureau Permanent de la Conference la haye
1966
|
| Matèries: | |
| Etiquetes: |
Afegir etiqueta
Sense etiquetes, Sigues el primer a etiquetar aquest registre!
|
MARC
| LEADER | 00000nam a2200000 a 4500 | ||
|---|---|---|---|
| 001 | UCI5130 | ||
| 003 | CL-VaPUC | ||
| 008 | 080314e19660000NE |||||||||||||||||fre|d | ||
| 082 | 0 | 4 | |a 340.9 |b CON |2 21 |
| 110 | 2 | |a Conference de La Haye de Droit International Privé |e author |9 527234 | |
| 245 | 1 | 0 | |a Recueil des conventions de La Haye |
| 300 | |a 127 p | ||
| 942 | |c BK | ||
| 945 | |d 20080314 00:00:00 |a rbrito | ||
| 260 | |a La Haya |b Le Bureau Permanent de la Conference la haye |c 1966 | ||
| 500 | |a Donación Padres Capuchinos | ||
| 650 | 0 | |a Derecho internacional privado |9 256361 | |
| 650 | 0 | |a Congresos |9 257560 | |
| 583 | |a last modification |c 20080314 00:00:00 |k Rodrigo Vera | ||
| 999 | |c 328893 |d 328891 | ||
| 952 | |0 0 |1 0 |4 0 |6 340_900000000000000_CON_1966 |7 0 |8 X |9 413076 |a FDOBUD |b FDOBUD |d 2019-11-22 |i 4411528 |o 340.9 CON 1966 |p 4411528 |r 2019-11-22 |w 2019-11-22 |y BK_X |k BUD | ||